| 000 | 00653nam a22002177a 4500 | ||
|---|---|---|---|
| 008 | 240610b mp ||||| |||| 00| 0 mon d | ||
| 035 | _a36468 | ||
| 040 |
_aDO1421060 _bmon _cMN-UlNLM _dMN-UlNLM _erda |
||
| 041 | _amon | ||
| 042 | _a87913 | ||
| 084 |
_2NNA _a87.3 _bТ 594 |
||
| 100 | _aТөрмөнх Б. | ||
| 245 | 0 | _aМонгол хүн Д.Нацагдорж | |
| 264 |
_aУБ _bАDМОN"ХХК _c2022 |
||
| 300 | _a62х. | ||
| 336 |
_2rdacontent _atext _btxt |
||
| 337 |
_2rdamedia _aunmediated _bn |
||
| 338 |
_2rdacarrier _avolume _bnc |
||
| 650 | _aХүүхдэд зориулсан гүн ухааны бүтээлүүд | ||
| 942 |
_2NNA _cBK |
||
| 999 |
_c980356 _d980413 |
||